| 000 | 00471nam a22001937a 4500 | ||
|---|---|---|---|
| 003 | UA-OsUOA | ||
| 001 | 123429 | ||
| 007 | ta | ||
| 008 | 20170614b un ||||| |||| 00| 0 ukr d | ||
| 090 |
_a330 _bB-34 |
||
| 942 | _cMG | ||
| 040 |
_aUA-OsUOA _beng _cUA-OsUOA _dUA-OsUOA |
||
| 245 | _aBusines Plan That Work (Колекція Лисиків) | ||
| 300 | _a286 с. | ||
| 955 | _a1 | ||
| 041 | _aeng | ||
| 080 | _a330 | ||
| 650 | 7 |
_a330 Економіка взагалі _2UDC |
|
| 999 |
_c410504 _d410504 |
||